000 00542 a2200181 4500
001 067071
003 OSt
005 20211026170126.0
008
082 _a005.133
_bH78F
100 1 _aHorowitz, Ellis
245 1 _aFundamentals of data structures in C
_cby Ellis Horowitz
250 _a2nd ed.
260 _aHyderabad
_bUniversity Press
_c2008
300 _a617p.
690 _aData structures (Computer science); C (Computer program language); Pascal (Computer program language)
942 _2ddc
_cBK
999 _c1055
_d1055